[Event "SVK Extraliga 2019-20"]
[Site "Slovakia"]
[Date "2020.09.06"]
[Round "11.6"]
[White "Kostelny, Jozef"]
[Black "Cibickova, Zuzana"]
[Result "0-1"]
[WhiteElo "2152"]
[BlackElo "2256"]
[Annotator "TA"]
[PlyCount "112"]
[EventDate "2019.10.19"]
[EventType "team-tourn"]
[EventCountry "SVK"]
[SourceTitle "playchess.com"]
[Source "ChessBase"]
[SourceQuality "1"]
[WhiteTeam "Zilina"]
[BlackTeam "Komarno"]

1. d4 d5 2. c4 c6 3. Nf3 Nf6 4. Nc3 dxc4 5. g3 g6 6. Bg2 Bg7 7. O-O O-O 8. a4 Na6 9. a5 Nc7 10. e4 Bg4 11. Ra4 Nb5 12. e5 Nxc3 13. bxc3 Nd5 14. Qd2 b5 15. axb6 axb6 16. Rxc4 Ra5 17. Ng5 Bc8 18. Re1 h6 19. Nh3 Ba6 20. Rxc6 Bb5 21. Bxd5 Qxd5 22. Rxb6 Bc6 23. Rxc6 Qxc6 24. e6 g5 25. f4 g4 26. Nf2 f5 27. Nd3 Rd8 28. Nb4 Qc4 29. Bb2 Rb5 30. Nd3 Rb3 31. Ne5 Qxe6 32. Qc2 Rdb8 33. Ba1 Bxe5 34. fxe5 R3b6 35. c4 Rc8 36. Rc1 Rbc6 37. c5 Qd7 38. e6 Qxe6 39. Rf1 Rf8 40. Qc3 Qd5 41. Re1 Rb8 42. Rxe7 Rb1+ 43. Re1 Rxe1+ 44. Qxe1 Re6 45. Qd1 Qe4 46. Kf2 Qd5 47. Bc3 Kf7 48. Qd3 Kg6 49. Kg1 h5 50. Bd2 Kf7 51. Bf4 Re1+ 52. Kf2 Ra1 53. c6 Rh1 54. c7 Rxh2+ 55. Ke1 Qh1+ 56. Qf1 Qe4+ 0-1

[Event "SVK Extraliga 2019-20"]
[Site "Slovakia"]
[Date "2020.09.06"]
[Round "11.6"]
[White "Sepesi, Samuel"]
[Black "Briestensky, Rastislav"]
[Result "0-1"]
[WhiteElo "2147"]
[BlackElo "2301"]
[Annotator "TA"]
[PlyCount "68"]
[EventDate "2019.10.19"]
[EventType "team-tourn"]
[EventCountry "SVK"]
[SourceTitle "playchess.com"]
[Source "ChessBase"]
[SourceQuality "1"]
[WhiteTeam "Snina"]
[BlackTeam "Slovan"]

1. e4 c6 2. Nc3 d5 3. Nf3 Bg4 4. h3 Bxf3 5. Qxf3 d4 6. Nb1 e6 7. g3 Nd7 8. d3 Qc7 9. Bg2 e5 10. O-O g6 11. Qe2 O-O-O 12. c3 Bg7 13. cxd4 exd4 14. f4 Ne7 15. Nd2 Rhe8 16. Qd1 f5 17. e5 Nb6 18. a4 a5 19. Nb3 Nbd5 20. Bd2 Ne3 21. Bxe3 dxe3 22. d4 Qb6 23. Re1 g5 24. Rxe3 gxf4 25. gxf4 Ng6 26. Qh5 Kb8 27. Qxh7 Nxf4 28. Qxf5 Bh6 29. Be4 Rxd4 30. Nxd4 Qxd4 31. Rae1 Nd5 32. Bxd5 Bxe3+ 33. Kf1 cxd5 34. e6 Rg8 0-1

[Event "SVK Extraliga 2019-20"]
[Site "Slovakia"]
[Date "2020.09.06"]
[Round "11.6"]
[White "Varga, Lukas"]
[Black "Striskova, Lucia"]
[Result "1-0"]
[WhiteElo "2065"]
[BlackElo "1806"]
[Annotator "TA"]
[PlyCount "139"]
[EventDate "2019.10.19"]
[EventType "team-tourn"]
[EventCountry "SVK"]
[SourceTitle "playchess.com"]
[Source "ChessBase"]
[SourceQuality "1"]
[WhiteTeam "Kosice"]

1. e4 e5 2. Nf3 Nc6 3. Bb5 Nf6 4. O-O Nxe4 5. Re1 Nd6 6. a4 Be7 7. Nc3 O-O 8. Bf1 Bf6 9. Nb5 Re8 10. Nxd6 cxd6 11. d3 d5 12. c3 d6 13. Qb3 Ne7 14. a5 Qc7 15. g3 Be6 16. Ng5 Bxg5 17. Bxg5 f6 18. Bd2 Bf7 19. Rec1 Qd7 20. a6 Rab8 21. Qc2 Rec8 22. axb7 Rxb7 23. Ra2 Nc6 24. Qa4 Rcb8 25. Rc2 Rc7 26. Bg2 Be6 27. b4 Rbc8 28. Rcb2 Kh8 29. b5 Ne7 30. Ra1 Rb8 31. Qb4 Rcb7 32. c4 Rc7 33. Ra6 Rb6 34. Be3 Rxa6 35. bxa6 dxc4 36. dxc4 Rxc4 37. Qd2 Ra4 38. Rb8+ Ng8 39. h4 Rxa6 40. Bd5 Ra1+ 41. Kh2 Qf7 42. Qb2 Ra5 43. Rb7 Qe8 44. Rb8 Qxb8 45. Qxb8 Bxd5 46. Qxd6 Bf3 47. g4 Bxg4 48. Qb4 Ra2 49. Qxg4 a5 50. Qc4 Ra1 51. Bc5 Rb1 52. Qa6 Rb8 53. Qxa5 Nh6 54. Qc7 Ra8 55. Qd7 Rb8 56. Be3 Ng8 57. h5 Rb4 58. Qf7 h6 59. Bc5 Rg4 60. Kh3 Rg5 61. Be3 Rf5 62. Kg4 Rg5+ 63. Bxg5 hxg5 64. Qe8 Kh7 65. h6 Nxh6+ 66. Kh5 Ng8 67. Qg6+ Kh8 68. Qd3 Ne7 69. Qd8+ Ng8 70. Kg6 1-0

[Event "SVK Extraliga 2019-20"]
[Site "Slovakia"]
[Date "2020.09.06"]
[Round "11.7"]
[White "Csonka, Attila Istvan"]
[Black "Hanko, Pavol"]
[Result "1-0"]
[WhiteElo "2356"]
[BlackElo "2104"]
[Annotator "TA"]
[PlyCount "71"]
[EventDate "2019.10.19"]
[EventType "team-tourn"]
[EventCountry "SVK"]
[SourceTitle "playchess.com"]
[Source "ChessBase"]
[SourceQuality "1"]
[BlackTeam "Dunajov"]

1. e4 c5 2. Nf3 e6 3. b3 b6 4. Bb2 Bb7 5. Qe2 d6 6. d4 cxd4 7. Nxd4 Nf6 8. Nd2 Be7 9. g3 Nc6 10. Bg2 Nxd4 11. Bxd4 Qc7 12. O-O O-O 13. c4 Nd7 14. Rad1 Bf6 15. Nf3 Ne5 16. Nxe5 dxe5 17. Bb2 Rfd8 18. f4 Rd6 19. fxe5 Rxd1 20. Qxd1 Rd8 21. Qf3 Bg5 22. Ba3 Rd7 23. Bd6 Qc6 24. h4 Bd8 25. Rd1 Bc7 26. Kh2 f5 27. Rd4 g6 28. Qd1 Bd8 29. b4 a6 30. a4 b5 31. axb5 axb5 32. c5 Qa6 33. Qb3 Kf7 34. exf5 gxf5 35. Bxb7 Rxb7 36. Rf4 1-0

[Event "SVK Extraliga 2019-20"]
[Site "Slovakia"]
[Date "2020.09.06"]
[Round "11.7"]
[White "Zetocha, Claudiu"]
[Black "Kravec, Patrik"]
[Result "0-1"]
[WhiteElo "2303"]
[BlackElo "2126"]
[Annotator "TA"]
[PlyCount "92"]
[EventDate "2019.10.19"]
[EventType "team-tourn"]
[EventCountry "SVK"]
[SourceTitle "playchess.com"]
[Source "ChessBase"]
[SourceQuality "1"]
[WhiteTeam "Slovan"]
[BlackTeam "Snina"]

1. d4 Nf6 2. Nf3 g6 3. c4 c5 4. d5 b5 5. cxb5 a6 6. b6 Qxb6 7. Nc3 d6 8. Nd2 Nbd7 9. a4 a5 10. e4 Bg7 11. Bb5 O-O 12. O-O Ba6 13. Nc4 Qc7 14. Qe2 Bb7 15. Bg5 Nb6 16. Rad1 Nxc4 17. Bxc4 Rfe8 18. Kh1 Nd7 19. f4 Qc8 20. Nb5 Nb6 21. b3 Nxc4 22. bxc4 Ba6 23. Rc1 Bxb5 24. cxb5 e6 25. Qd3 exd5 26. e5 Qe6 27. exd6 Qxd6 28. f5 Be5 29. Rfd1 d4 30. Qc4 Rac8 31. Bd2 Bxh2 32. fxg6 hxg6 33. Bxa5 Kg7 34. Rf1 f5 35. Rf3 Rh8 36. Rh3 Bf4 37. Rf1 g5 38. Kg1 Be3+ 39. Rxe3 Qh2+ 40. Kf2 dxe3+ 41. Kxe3 Rhe8+ 42. Kf2 Re4 43. Bc3+ Kg6 44. Qd3 Rce8 45. Bd2 c4 46. Qf3 g4 0-1

[Event "SVK Extraliga 2019-20"]
[Site "Slovakia"]
[Date "2020.09.06"]
[Round "11.7"]
[White "Federic, Jozef"]
[Black "Danada, Tomas"]
[Result "1/2-1/2"]
[WhiteElo "2240"]
[BlackElo "2323"]
[Annotator "TA"]
[PlyCount "67"]
[EventDate "2019.10.19"]
[EventType "team-tourn"]
[EventCountry "SVK"]
[SourceTitle "playchess.com"]
[Source "ChessBase"]
[SourceQuality "1"]
[WhiteTeam "Modra"]
[BlackTeam "Prakovce"]

1. d4 Nf6 2. Nf3 d5 3. c4 e6 4. Bg5 Bb4+ 5. Nbd2 dxc4 6. Qc2 b5 7. a4 c6 8. g3 Bb7 9. Bg2 Qb6 10. O-O Nbd7 11. e4 h6 12. Bxf6 Nxf6 13. e5 Nd5 14. Ne4 Be7 15. a5 Qd8 16. Qe2 a6 17. Nfd2 O-O 18. Nc5 Ra7 19. Nde4 Nb4 20. Rfd1 Qc7 21. f4 Rd8 22. Rd2 Bc8 23. Qe3 Nd5 24. Qe2 Nb4 25. Bf1 Nd5 26. Qf2 f5 27. exf6 gxf6 28. Qe2 f5 29. Qh5 fxe4 30. Qg6+ Kf8 31. Qxh6+ Kf7 32. Qh7+ Kf8 33. Qh8+ Kf7 34. Qh7+ 1/2-1/2

[Event "SVK Extraliga 2019-20"]
[Site "Slovakia"]
[Date "2020.09.06"]
[Round "11.7"]
[White "Gazik, Igor"]
[Black "Kopera, Michal"]
[Result "1-0"]
[WhiteElo "2221"]
[BlackElo "2156"]
[Annotator "ChessBase"]
[PlyCount "67"]
[EventDate "2019.10.19"]
[EventType "team-tourn"]
[EventCountry "SVK"]
[SourceTitle "playchess.com"]
[Source "ChessBase"]
[SourceQuality "1"]
[WhiteTeam "Podhajska"]
[BlackTeam "Zilina"]

1. e4 e5 2. Nf3 Nc6 3. Bb5 a6 4. Ba4 Nf6 5. d4 exd4 6. O-O Be7 7. Re1 b5 8. e5 Nd5 9. Bb3 Nb6 10. Nxd4 Nxd4 11. Qxd4 c5 12. Qg4 c4 13. Qxg7 Rf8 14. Nc3 Bb7 15. Ne4 Bxe4 16. Rxe4 cxb3 17. cxb3 Qc7 18. Bh6 Kd8 19. Qxh7 Re8 20. Qxf7 Qc6 21. Qh7 Rc8 22. Re2 Nd5 23. Rd1 Qe6 24. Red2 Nb6 25. Be3 Bc5 26. Qh4+ Re7 27. Bg5 Qxe5 28. Bxe7+ Bxe7 29. Qg4 d5 30. Re2 Qd6 31. h4 Rc6 32. h5 Qh6 33. Rde1 Bb4 34. Qxb4 1-0

[Event "SVK Extraliga 2019-20"]
[Site "Slovakia"]
[Date "2020.09.06"]
[Round "11.7"]
[White "Kapolkova, Greta"]
[Black "Nadzamova, Viktoria"]
[Result "0-1"]
[WhiteElo "1567"]
[BlackElo "1946"]
[Annotator "ChessBase"]
[PlyCount "34"]
[EventDate "2019.10.19"]
[EventType "team-tourn"]
[EventCountry "SVK"]
[SourceTitle "playchess.com"]
[Source "ChessBase"]
[SourceQuality "1"]
[BlackTeam "Kosice"]

1. e4 c5 2. Nf3 e6 3. d4 cxd4 4. Nxd4 a6 5. Nc3 Qc7 6. a3 Nf6 7. Be3 b5 8. Qd2 b4 9. axb4 Bxb4 10. f3 Bb7 11. Nde2 d5 12. Qd4 Nc6 13. Qd3 Rd8 14. Bd2 dxe4 15. Qe3 exf3 16. gxf3 Ne5 17. Bg2 Nc4 0-1

[Event "SVK Extraliga 2019-20"]
[Site "Slovakia"]
[Date "2020.09.06"]
[Round "11.8"]
[White "Kusiak, Matej"]
[Black "Sobek, Michal"]
[Result "1/2-1/2"]
[WhiteElo "2284"]
[BlackElo "2113"]
[Annotator "TA"]
[PlyCount "71"]
[EventDate "2019.10.19"]
[EventType "team-tourn"]
[EventCountry "SVK"]
[SourceTitle "playchess.com"]
[Source "ChessBase"]
[SourceQuality "1"]
[WhiteTeam "Prakovce"]
[BlackTeam "Modra"]

1. e4 c5 2. Nf3 g6 3. d4 cxd4 4. Nxd4 Bg7 5. c4 Nc6 6. Be3 Nf6 7. Nc3 O-O 8. Be2 d6 9. O-O Bd7 10. Qd2 Nxd4 11. Bxd4 Bc6 12. f3 Nd7 13. Be3 a5 14. Rac1 Nc5 15. Rc2 a4 16. Nd5 e6 17. Nc3 Be5 18. Bg5 Qa5 19. Nb5 Qb6 20. Be3 Qd8 21. Bg5 Qb6 22. Qe3 Bxb5 23. cxb5 Nd7 24. Qxb6 Nxb6 25. Be3 Rfc8 26. Rxc8+ Nxc8 27. Rc1 Bxb2 28. Rc7 b6 29. Bc4 Ba3 30. Kf1 Bc5 31. Bh6 Rb8 32. Bxe6 fxe6 33. Rg7+ Kh8 34. Rd7 Kg8 35. Rg7+ Kh8 36. Rd7 1/2-1/2

[Event "SVK Extraliga 2019-20"]
[Site "Slovakia"]
[Date "2020.09.06"]
[Round "11.8"]
[White "Hros, Roman"]
[Black "Bombek, Peter"]
[Result "1/2-1/2"]
[WhiteElo "2222"]
[BlackElo "2169"]
[Annotator "ChessBase"]
[PlyCount "37"]
[EventDate "2019.10.19"]
[EventType "team-tourn"]
[EventCountry "SVK"]
[SourceTitle "playchess.com"]
[Source "ChessBase"]
[SourceQuality "1"]
[WhiteTeam "Liptovska"]
[BlackTeam "Dubnica"]

1. c4 c6 2. e4 d5 3. cxd5 cxd5 4. exd5 Qxd5 5. Nc3 Qd8 6. Nf3 Nf6 7. d4 e6 8. Bd3 Be7 9. O-O O-O 10. Re1 Nc6 11. a3 b6 12. Bb1 Bb7 13. Qd3 Qd7 14. Bg5 g6 15. Ba2 Rad8 16. Rad1 Nh5 17. Bh6 Rfe8 18. d5 exd5 19. Bxd5 1/2-1/2

[Event "SVK Extraliga 2019-20"]
[Site "Slovakia"]
[Date "2020.09.06"]
[Round "11.8"]
[White "Mrvova, Alena"]
[Black "Petran, Peter"]
[Result "1-0"]
[WhiteElo "2168"]
[BlackElo "2248"]
[Annotator "TA"]
[PlyCount "85"]
[EventDate "2019.10.19"]
[EventType "team-tourn"]
[EventCountry "SVK"]
[SourceTitle "playchess.com"]
[Source "ChessBase"]
[SourceQuality "1"]
[WhiteTeam "Snina"]
[BlackTeam "Slovan"]

1. e4 g6 2. d4 Bg7 3. Nc3 d6 4. g3 Nf6 5. Bg2 O-O 6. Nf3 Bg4 7. h3 Bxf3 8. Qxf3 Nc6 9. Be3 e5 10. d5 Ne7 11. O-O Nd7 12. Qe2 f5 13. exf5 gxf5 14. Bg5 a6 15. Qd2 Qe8 16. Ne2 Ng6 17. Bh6 Bxh6 18. Qxh6 Qe7 19. Rae1 Qg7 20. Qxg7+ Kxg7 21. f4 Rae8 22. fxe5 dxe5 23. Rf3 Re7 24. Rc3 Nb6 25. Rb3 Rd7 26. Nc3 f4 27. gxf4 exf4 28. Bf3 Rd6 29. Kf2 Nh4 30. Re7+ Rf7 31. Rxf7+ Kxf7 32. Be4 Kf6 33. Bxh7 Rd7 34. Bd3 Ke5 35. Rb4 Rf7 36. Re4+ Kd6 37. Re6+ Kc5 38. d6 cxd6 39. Ne4+ Kc6 40. Nxd6 Kd7 41. Rh6 Rf8 42. Nxb7 Kc7 43. Na5 1-0

[Event "SVK Extraliga 2019-20"]
[Site "Slovakia"]
[Date "2020.09.06"]
[Round "11.8"]
[White "Magat, Jozef"]
[Black "Takacs, Laszlo"]
[Result "1-0"]
[WhiteElo "2021"]
[BlackElo "2190"]
[Annotator "RC"]
[PlyCount "101"]
[EventDate "2019.10.19"]
[EventType "team-tourn"]
[EventCountry "SVK"]
[SourceTitle "playchess.com"]
[Source "ChessBase"]
[SourceQuality "1"]
[WhiteTeam "Dunajov"]
[BlackTeam "Streda"]

1. Nf3 d5 2. g3 Nf6 3. Bg2 c5 4. O-O Nc6 5. d4 cxd4 6. Nxd4 e5 7. Nxc6 bxc6 8. c4 Be6 9. Nc3 Qd7 10. Qa4 Rc8 11. cxd5 cxd5 12. Qxd7+ Kxd7 13. Rd1 Bd6 14. Nxd5 Nxd5 15. Bxd5 Bxd5 16. Rxd5 Ke6 17. Ra5 Bc5 18. Ra6+ Kf5 19. Bd2 Bd4 20. Bc3 Bxc3 21. bxc3 Rc7 22. Rc1 Rhc8 23. f3 Rxc3 24. Rxc3 Rxc3 25. Rxa7 Kg6 26. Kf2 h5 27. h4 Rc1 28. a4 Ra1 29. a5 Kf6 30. a6 g6 31. Ra8 Kg7 32. a7 f6 33. g4 Ra4 34. g5 fxg5 35. hxg5 Ra3 36. Re8 Rxa7 37. Rxe5 Kf7 38. Rb5 Ra2 39. Rb6 Ra5 40. f4 Ra4 41. Kf3 Ra1 42. Rf6+ Kg7 43. Rd6 Rf1+ 44. Ke4 h4 45. Rd7+ Kg8 46. e3 h3 47. Rd2 Rh1 48. Ke5 Re1 49. Kf6 Rxe3 50. Kxg6 Re6+ 51. Kf5 1-0

[Event "SVK Extraliga 2019-20"]
[Site "Slovakia"]
[Date "2020.09.06"]
[Round "11.8"]
[White "Gajdosik, Andrej"]
[Black "Szucs, Vladimir"]
[Result "1/2-1/2"]
[WhiteElo "2006"]
[BlackElo "2176"]
[Annotator "RC"]
[PlyCount "119"]
[EventDate "2019.10.19"]
[EventType "team-tourn"]
[EventCountry "SVK"]
[SourceTitle "playchess.com"]
[Source "ChessBase"]
[SourceQuality "1"]
[WhiteTeam "Zilina"]
[BlackTeam "Podhajska"]

1. Nf3 d5 2. g3 c6 3. Bg2 Bg4 4. d4 Nd7 5. c3 e6 6. Bf4 Ngf6 7. O-O Be7 8. Nbd2 O-O 9. Ne5 Nxe5 10. Bxe5 Qb6 11. b3 Nd7 12. Bf4 c5 13. Nf3 Nf6 14. Ne5 Bf5 15. Bg5 Rfd8 16. a4 Rac8 17. g4 Be4 18. Bxe4 dxe4 19. e3 h6 20. Bh4 Nd5 21. Bxe7 Nxe7 22. Rb1 Nd5 23. Qd2 Qa5 24. b4 cxb4 25. cxb4 Qxa4 26. Ra1 Qb5 27. Rxa7 f6 28. Ng6 Kh7 29. Nh4 Rc4 30. Ra5 Qxb4 31. Qxb4 Rxb4 32. Rc1 Rd6 33. Rac5 Ra6 34. Rc8 Rb2 35. Rd8 Rc6 36. Rxc6 bxc6 37. h3 g5 38. Rd7+ Kg8 39. Ng6 Nb4 40. Rb7 Nd3 41. Rxb2 Nxb2 42. Ne7+ Kf7 43. Nxc6 Ke8 44. Kg2 Kd7 45. Nb4 Kd6 46. Kg3 f5 47. Nc2 Nd3 48. f4 Kd5 49. h4 gxf4+ 50. exf4 Nc1 51. gxf5 exf5 52. Ne3+ Kxd4 53. Nxf5+ Kd3 54. Kg4 Ne2 55. Kh5 Nxf4+ 56. Kxh6 e3 57. Nxe3 Kxe3 58. Kg5 Kf3 59. h5 Nxh5 60. Kxh5 1/2-1/2